| 000 | 005450000a22001810004500 | ||
|---|---|---|---|
| 003 | MACL | ||
| 005 | 20160213123012.0 | ||
| 008 | 160213b xxu||||| |||| 00| 0 eng d | ||
| 040 |
_aMACL _cMACL |
||
| 041 | _aHindi | ||
| 082 | _a320 | ||
| 100 |
_aपाण्डेय वीरिन्द्र _938140 |
||
| 245 | _aराष्ट्र चिंंतन | ||
| 260 |
_bराष्ट्रीय प्रकाशन _c1984 _aलखनउ |
||
| 350 | _a30 | ||
| 650 |
_aPolitical Science _938141 |
||
| 942 |
_cHIN _k320 _2ddc |
||
| 999 |
_c28288 _d28288 |
||